MARC

LEADER 00000nam0a2200000 4500
001 92392
005 20231031104639.0
010 |a 5724505797 
020 |a RU  |b 90-49534 
035 |a (RuTPU)RU\TPU\book\98995 
090 |a 92392 
100 |a 20060313d1990 km a0rusy5003 ca 
101 0 |a rus 
102 |a RU 
105 |a a z 001zy 
200 1 |a Элементарные реакции и механизм пиролиза углеводородов  |f Ю. П. Ямпольский 
210 |a Москва  |c Химия  |d 1990 
215 |a 212,[1] с.  |c ил. 
320 |a Библиогр.: с. 200-211 (439 назв.). 
610 1 |a углеводороды 
610 1 |a пиролиз 
610 1 |a химическая технология 
610 1 |a химические реакции 
610 1 |a алканы 
610 1 |a алициклические углеводороды 
610 1 |a олефины 
610 1 |a вторичные продукты 
610 1 |a смеси 
675 |a 665.64  |z rus 
700 1 |a Ямпольский  |b Ю. П.  |g Юрий Павлович  |4 070 
801 0 |a RU  |b RuMRKP  |c 19950417  |g psbo 
801 1 |a RU  |b 63413507  |c 20060313  |g PSBO 
801 2 |a RU  |b 63413507  |c 20070918  |g PSBO 
942 |c BK